000 004620000a22001810004500
003 MACL
005 20151014154359.0
008 151014b xxu||||| |||| 00| 0 eng d
040 _aMACL
_cMACL
041 _aEnglish
082 _a920/GUP
100 _aSen, Kanti Sen
_914843
245 _aJatinderanath Sen Gupta
_bMakers of indian literature
260 _bSahitya Akademi
_c1998
_aDelhi
350 _a25
650 _aBiography
_914844
942 _cBK
_k920
_2ddc
999 _c20777
_d20777